Filmy według opisów z Wikipedii #1 - Statystyki

Ogólne statystyki
  • Ten quiz został rozwiązany 109 razy
  • Średni wynik to 7 z 18
Statystyki odpowiedzi
Wskazówka Film % Poprawnych
Kate w trakcie lotu zdaje sobie sprawę, że Kevin został w tyle Kevin sam w domu
88%
Był to pierwszy w całości animowany komputerowo film fabularny, a także pierwszy film fabularny studia Pixar Toy Story
68%
Fabuła koncentruje się wokół króla Leonidasa (Gerard Butler), który prowadzi Spartan do bitwy z perskim „Bogiem-Królem” Kserksesem 300
63%
Doc prezentuje maszynę czasu zbudowaną na bazie zmodyfikowanego DeLoreana Powrót do przyszłości
62%
Pierwszy film Marvela z obsadą składającą się głównie z czarnoskórych aktorów Czarna Pantera
61%
Rozwija również talent do gry w ping-ponga i staje się gwiazdą sportu, rywalizując z chińskimi drużynami w dyplomacji ping-pongowej Forrest Gump
45%
Dwie nagrody Akademii, za najlepszą muzykę oryginalną (Hans Zimmer) i najlepszą piosenkę oryginalną za „Can You Feel the Love Tonight” Król Lew
44%
... wbiegając po schodach Muzeum Sztuki w Filadelfii, jako część swojego programu treningowego Rocky
43%
Sukces filmu doprowadził do powstania dwóch sequeli, trylogii prequeli, trylogii sequeli, dwóch filmów antologicznych i różnych spin-offów telewizyjnych Gwiezdne Wojny
40%
W roli założyciela Marka Zuckerberga występuje Jesse Eisenberg The Social Network
38%
Próbował zmienić kultową kwestię „Wrócę”, ponieważ miał trudności z wymawianiem słowa „Wrócę” Terminator
26%
Gruber przesłuchuje dyrektora Nakatomi Josepha Takagiego w celu uzyskania kodu do skarbca budynku Szklana pułapka
22%
Kiedy licealistka Laurie Strode zostawia klucze w swoim dawnym domu, aby jej ojciec mógł go sprzedać, Michael zaczyna ją prześladować przez cały dzień Halloween
21%
W filmie główną rolę Dorothy Gale gra Judy Garland Czarnoksiężnik z Oz
18%
Po uwzględnieniu inflacji jest to nadal najbardziej kasowy film w historii Przeminęło z wiatrem
13%
Kiedy policjant zauważa, że ​​samoloty go dopadły, Denham odpowiada: „Nie, to nie samoloty. To Piękna zabiła Bestię” King Kong
10%
Musical przedstawia rywalizację między Jets i Sharks, dwoma nastoletnimi gangami ulicznymi o różnym pochodzeniu etnicznym West Side Story
9%
Cześć, nazywam się Inigo Montoya. Zabiłeś mojego ojca. Przygotuj się na śmierć. Narzeczona dla księcia
4%
Nie znaleziono quizów pasujących do podanych kryteriów
Rozkład punktacji
Procent ludzi z każdym wynikiem
Percentyl według liczby udzielonych odpowiedzi
Twoja historia wyników
Nie rozwiązałeś tego quizu